00551nam a2200145 a 450000100100000000500170001000800410002704000250006824500560009326000430014930000200019250000710021295201050028399900170038800003606720200930074840.0111125s1966 dr 000 0 spa d aDO-SdBNPbspacBNPHU00aCatalogo de las publicaciones de la UASD 1938-1985. aSanto domingo :bUniversitaria,c1966. a35 p. ;c21 cm. aPublicaciones de la Universidad Autónoma de Santo Domingo v. 668 0010718PDaPDbPDcCTd2011-11-25iLF1l0o p36067-10r2020-06-25w2020-06-25yLFPDZNo se presta c35558d35558